00476nam a2200169Ia 4500999001700000003000400017005001700021008004100038040001800079082001800097100003200115245005500147260004400202300000800246650001000254942004200264 c15914d15914OSt20200606115836.0190216s9999||||xx |||||||||||||| ||und|| cMESKC library a891.43bPAT/A aPathak, Bhusan Chandra9451 0aAndhayug me Pratik Bidhan /cBhusan Chandra Pathak bAsam Hindi Prakashan,aGuwahati:c1995. a96p aHindi cBK2ddch891.43iPAT/Ak891.43mPAT/A